000 01346nam a2200253 a 4500
005 20180803165359.0
008 140128b2006 ck ||||| |||| 00| 0 spa d
040 _cCO-BoIH
041 _aspa
044 _ack
090 _aIAVH
_b00895
100 _aCárdenas Botero, Klaudia
_92680
245 _aPercepción cultural de cercas vivas en cuatro zonas de los Andes Colombianos. Ventanas de estudio: Cuanca del río Chambery (Aranzazu, Caldas), Cuenca del río Nima (Palmira, Valle del Cauca), Cuenca del río Cane-Iguaque (Villa del Leyva, Boyacá), Cuenca del río Pasto (Pasto, Nariño)
260 _aBogotá
_bInstituto Alexander von Humboldt
_c2006
300 _a341 p.
520 _aSe centra en la percepción cultural de la cercas vivas en el paisaje ganadero, como elemento complementario de análisis eco-sistémico y como una manera de acercamiento a las expectativas de las comunidades con respecto al menejo de sus sistemas productivos. Propone un primer acercamiento para la construcción herramientas metodológicas que cobran acda vez más relevancia para este tipo de estudios y análisis
650 _aComunidades
_992430
650 _aSaberes locales
_95533
650 _aPercepción cultural
_95553
650 _aPaisajes rurales
_92419
650 _95012
_aCerca viva
942 _cINFORME
_2z
_01
945 _d2008-09-02
999 _c6520
_d6520